| 000 | 00758nam a2200205Ia 4500 | ||
|---|---|---|---|
| 008 | 150520s9999 xx 000 0 und d | ||
| 050 | _aQK 861 | ||
| 050 | _b.Ag282 2015 | ||
| 100 | _aAguda, Shiela Marie . | ||
| 245 | 4 | _aThe antibacterial activity of brassica oleracea var, capitata linn (green cabbage) leaf extract against urinary pathogen escherichia coli / | |
| 245 | _cShiela Marie S. Aguda, Ma. Margarita D. Alcantara, Rosalyn J. Carpe, Errika Klenn D. Flores, Mark Angel D. Magracia . | ||
| 260 | _aLas PiƱas, Philippines : | ||
| 260 | _bSISC, | ||
| 260 | _c2015. | ||
| 300 | _a69 pages : | ||
| 300 | _bcolor illustrations ; | ||
| 300 | _c28 cm. | ||
| 500 | _aIncludes bibliographical references and appendices. | ||
| 650 | _aCabbage | ||
| 999 |
_c284053 _d284053 |
||